ბათუმის შოთა რუსთაველის სახელმწიფო უნივერსიტეტის ბიბლიოთეკა

XII-XIII საუკუნეების ქართული ჰიმნოგრაფია / (ბიბ.ჩანაწერი № 55885)

000 -ლიდერი
ფიქსირებული სიგრძის საკონტროლო ველი 01251nam a2200265Ia 4500
001 - საკონტროლო ნომერი
საკონტროლო ველი 22983
003 - საკონტროლო ნომრის იდენტიფიკატორი
საკონტროლო ველი GE_BSU
005 - ბოლო ოპერაციის თარიღი და დრო
საკონტროლო ველი 20230614145708.0
008 - ფიქსირებული სიგრძის მონაცემთა ელემენტები - ზოგადი ინფორმაცია
ფიქსირებული სიგრძის საკონტროლო ველი 181216s ||||ge |||||||||||||| ||geo||
020 ## - წიგნის საერთაშორისო სტანდარტული ნომერი
International Standard Book Number 999289489X
040 ## - კატალოგიზაციის წყარო
Transcribing agency GE_BSU
041 ## - ენის კოდი
Language code of text/sound track or separate title geo
080 ## - უნივერსალური ათობითი კლასიფიკაციის ინდექსი
Universal Decimal Classification number 821.353.1.09-141 ს-92
100 ## - მთავარი ჩანაწერი - პიროვნების სახელი
Personal name სულავა, ნესტან
9 (RLIN) 4746
245 ## - ცნობა სათაურის შესახებ
Title XII-XIII საუკუნეების ქართული ჰიმნოგრაფია /
Statement of responsibility, etc ნესტან სულავა ; რედ. ლევან მენაბდე.
264 ## - წარმოების, გამოცემის, დისტრიბუციის და სხვა ცნობები
გამოცემის, წარმოების, დისტრიბუციის... ადგილი თბილისი :
გამოცემის, წარმოების, დისტრიბუციის... სახელწოდება მერანი,
გამოცემის, წარმოების, დისტრიბუციის... თარიღი 2003.
300 ## - ფიზიკური აღწერა
Extent 348 გვ. ;
Dimensions 26 სმ.
500 ## - ზოგადი შენიშვნა
General note საძიებელი : გვ. 343-347
653 ## - INDEX TERM--UNCONTROLLED
Uncontrolled term XII-XIII საუკუნეების ქართული ჰიმნოგრაფია
653 ## - INDEX TERM--UNCONTROLLED
Uncontrolled term ქართული ჰიმნოგრაფია
700 ## - ADDED ENTRY--PERSONAL NAME
Personal name მენაბდე, ლევან
Relator term რედაქტორი
9 (RLIN) 18701
710 ## - ADDED ENTRY--CORPORATE NAME
Corporate name or jurisdiction name as entry element საქრთელოს მეცნირებათა აკადემია
Subordinate unit ქართული ლიტერატურის ინსტიტუტი
9 (RLIN) 18702
942 ## - ADDED ENTRY ELEMENTS (KOHA)
Koha item type წიგნი
Source of classification or shelving scheme
ეგზემპლარები
ჩამოწერის სტატუსი დაკარგული ეგზემპლარის სტატუსი კლასიფიკაციის წყარო ან თაროზე გაწყობის სქემა დაზიანების სტატუსი არ გაიცემა მუდმივი მდებარეობა (დაცვის ადგილი) ამჟამინდელი ადგილსამყოფელი თაროზე განთავსების ადგილი შეძენის თარიღი ღირებულება, შესყიდვის ნორმალური ფასი სრული შენახვის შიფრი შტრიხკოდი ბოლო ოპერაციის თარიღი ეგზემპლარის მიმდევრობითი ნომერი (კეტერი?) ფასის ძალაში შესვლის თარიღი ეგზემპლარის სახეობა საჯარო შენიშვნა
          ბათუმის შოთა რუსთაველის სახელმწიფო უნივერსიტეტის მთავარი ბიბლიოთეკა ბათუმის შოთა რუსთაველის სახელმწიფო უნივერსიტეტის მთავარი ბიბლიოთეკა წიგნსაცავი 2018-12-17 15.00 821.353.1.09-141 ს-92 58397 2018-12-17 58397 2018-12-17 წიგნი 15.00 ₾.
          ბათუმის შოთა რუსთაველის სახელმწიფო უნივერსიტეტის მთავარი ბიბლიოთეკა ბათუმის შოთა რუსთაველის სახელმწიფო უნივერსიტეტის მთავარი ბიბლიოთეკა წიგნსაცავი 2018-12-17 15.00 821.353.1.09-141 ს-92 58396 2018-12-17 58396 2018-12-17 წიგნი 15.00 ₾.